| 000 | 01035nam a22003015a 4500 | ||
|---|---|---|---|
| 005 | 20201128021316.0 | ||
| 008 | 150618b nyua frbd 001 0 eng d | ||
| 020 | _a9789814575164 | ||
| 020 | _a981457516x | ||
| 040 |
_aEG-ScBUE _beng _cEG-ScBUE |
||
| 082 | 0 | 4 |
_a332 _bCEC _222 |
| 100 | 1 |
_aCecchetti, Stephen G. _q(Stephen Giovanni) _913211 |
|
| 245 | 1 | 0 |
_aMoney, banking, and financial markets / _bStephen G. Cecchetti, Kermit L. Schoenholtz. |
| 250 | _a4th ed., Global ed. | ||
| 260 |
_a[New York] : _bMcGraw-Hill Education, _cc.2015. |
||
| 300 |
_a[Various pagings] : _bill. (col.) ; _c29 cm. |
||
| 500 | _aIncludes glossary. | ||
| 504 | _aIncludes bibliographical references and index. | ||
| 650 | 7 |
_aBanks and banking. _2BUEsh _95607 |
|
| 650 | 7 |
_aCapital market. _91634 _2BUEsh |
|
| 650 | 7 |
_aFinance. _91509 _2BUEsh |
|
| 650 | 7 |
_aMoney. _2BUEsh _910891 |
|
| 651 | _2BUEsh | ||
| 653 |
_bBUSECO _cJune2015 _cJuly2015 |
||
| 655 |
_vreading book _934232 |
||
| 700 | 1 |
_aSchoenholtz, Kermit L. _934912 |
|
| 942 |
_2ddc _k332 CEC |
||
| 999 |
_c19760 _d19732 |
||